Lectures on analysis

Αποθηκεύτηκε σε:
Λεπτομέρειες βιβλιογραφικής εγγραφής
Κύριος συγγραφέας: Choquet, Gustave
Άλλοι συγγραφείς: Marsden, Jerrold E. (Επιμελητής έκδοσης), Lance, T. (Tim) (Επιμελητής έκδοσης), Gelbart, Stephen S., 1946- (Επιμελητής έκδοσης)
Μορφή: Βιβλίο
Γλώσσα:English
Δημοσίευση: New York : W. A. Benjamin, 1969.
Σειρά:Mathematics lecture note series
Θέματα:
Ετικέτες: Προσθήκη ετικέτας
Δεν υπάρχουν, Καταχωρήστε ετικέτα πρώτοι!

MARC

LEADER 00000cam a2200000 i 4500
001 1/19612
008 120516s1969 nyu ||| | eng||
020 |a 0805369627 
020 |a 0805369643 
020 |a 0805369600 
035 |l 10112493 
040 |a GR-MyUA  |b gre  |e AACR2 
041 0 |a eng 
082 0 |a 515   |2 (22) 
100 1 |a Choquet, Gustave. 
245 1 0 |a Lectures on analysis /   |c Gustave Choquet ; edited by J. Marsden, T. Lance, and S. Gelbart.  
260 |a New York :   |b W. A. Benjamin,   |c 1969.  
300 |a 3 τ. :   |b εικ. ;   |c 24 εκ. 
490 1 |a (Mathematics lecture note series) 
505 0 |a Τ. 1. Integration and topological vector spaces -- τ. 2. Representation theory -- t. 3. Infinite dimensional measures and problem solutions.  
650 0 0 |a Mathematical analysis. 
700 1 |a Marsden, Jerrold E.  |e edt 
700 1 |a Lance, T.   |q (Tim)  |e edt 
700 1 |a Gelbart, Stephen S.,   |d 1946-  |e edt 
740 0 2 |a Integration and topological vector spaces 
740 0 2 |a Representation theory 
740 0 2 |a Infinite dimensional measures and problem solutions 
830 0 |a Mathematics lecture note series 
852 |a INST  |b SAMOS  |e 20120529  |h 515 CHO  |p 005300033761  |q 005300033761  |t BK  |y 0  |z τ.2 
852 |a INST  |b SAMOS  |e 20120529  |h 515 CHO  |p 005300033762  |q 005300033762  |t BK  |y 0  |z τ.3 
852 |a INST  |b SAMOS  |e 20120516  |h 515 CHO  |p 005300033818  |q 005300033818  |t BK  |y 0  |z τ.1 
852 |a INST  |b SAMOS  |e 20120529  |h 515 CHO  |p 005300033761  |q 005300033761  |t BK  |v τ.2:  |y 0  |z τ.2 
852 |a INST  |b SAMOS  |e 20120529  |h 515 CHO  |p 005300033762  |q 005300033762  |t BK  |v τ.3:  |y 0  |z τ.3 
852 |a INST  |b SAMOS  |e 20120516  |h 515 CHO  |p 005300033818  |q 005300033818  |t BK  |v τ.1:  |y 0  |z τ.1 
853 |a INST  |b SAMOS  |h 515 CHO 
901 |a BIBL3-2012-2 
909 |a Σ  |b 172298 
909 |a Σ  |b 172299 
909 |a Σ  |b 172270 
970 |a ΓΟΥΒΑΛΑ  |b ΒΑΣΩ  |z 2012/05/16